Countries England have Defeated in War - Statistics

General Stats
  • This quiz has been taken 20 times
    11 since last reset
  • The average score is 6 of 18
Answers on the Grid
Answers color-coded by a green-red scale on the quiz's grid according to % correct below.
Andorra
Argentina
Bolivia
Bulgaria
Canada
Chad
Georgia
Germany
Jamaica
Japan
Jordan
Kazakhstan
Luxembourg
Mongolia
Morocco
New Zealand
Nigeria
North Korea
Phillipines
Portugal
Rep. Congo
Russia
Sao Tomé
Saudi Arabia
Sweden
USA
Uzbekistan
Vatican City
 
Answer Stats
Answer % Correct
Germany
91%
Russia
73%
USA
73%
Argentina
64%
Japan
64%
Canada
36%
Morocco
36%
New Zealand
36%
Bulgaria
27%
Portugal
27%
Saudi Arabia
27%
Jamaica
18%
Phillipines
18%
Jordan
9%
Kazakhstan
9%
Nigeria
9%
North Korea
9%
Georgia
0%
No matching quizzes found
Score Distribution
Percent of People with Each Score
Percentile by Number Answered
Your Score History
You have not taken this quiz since the last reset